Des logos de marques #3 - Statistiques

Statistiques générales
  • Ce quiz a été pris 600 fois
  • Le résultat moyen est 8 sur 8
Statistiques - réponses
Par images Réponse % Correct
Amazon
100%
Nike
100%
Lidl
97%
Lipton
97%
Microsoft
96%
LG
95%
Seat
88%
Juventus
84%
Aucun quiz correspondant
Distribution des résultats
% des personnes avec chaque résultat
Percentile par nombre de réponses
Votre historique - résultats
Vous n’avez pas pris ce quiz